000 00359nam a2200133Ia 4500
008 240624s9999 xx 000 0 und d
041 _aeng
082 _a413 CHA
100 _aCHATTOPADHYAY ANJANA
245 _aBIOGRAPHICAL DICTIONARY OF INDIAN SCIENT
260 _c2002
_aNew Delhi
_bRupa & Company
300 _axii, : 1597 : p. : cm. ; 24
365 _cRS
_b75
999 _c7724
_d7724